How the Old and New Testaments relate to each other / (Record no. 9515)
[ view plain ]
| 000 -LEADER | |
|---|---|
| fixed length control field | 01065nam a22002537a 4500 |
| 003 - CONTROL NUMBER IDENTIFIER | |
| control field | GBCCL |
| 005 - DATE AND TIME OF LATEST TRANSACTION | |
| control field | 20241126110713.0 |
| 008 - FIXED-LENGTH DATA ELEMENTS--GENERAL INFORMATION | |
| fixed length control field | 230221b ||||| |||| 00| 0 eng d |
| 020 ## - INTERNATIONAL STANDARD BOOK NUMBER | |
| International Standard Book Number | 9781931230124 |
| 020 ## - INTERNATIONAL STANDARD BOOK NUMBER | |
| International Standard Book Number | 1931230129 |
| 040 ## - CATALOGING SOURCE | |
| Transcribing agency | GBC |
| 082 ## - DEWEY DECIMAL CLASSIFICATION NUMBER | |
| Classification number | 261.26 |
| Item number | MOR |
| 100 ## - MAIN ENTRY--PERSONAL NAME | |
| Personal name | Morey, Robert A. |
| 9 (RLIN) | 16566 |
| 245 ## - TITLE STATEMENT | |
| Title | How the Old and New Testaments relate to each other / |
| Statement of responsibility, etc. | Robert A. Morey |
| 260 ## - PUBLICATION, DISTRIBUTION, ETC. | |
| Place of publication, distribution, etc. | Las Vegas, NV, |
| Name of publisher, distributor, etc. | Christian Scholars Press, |
| Date of publication, distribution, etc. | ©2002 |
| 300 ## - PHYSICAL DESCRIPTION | |
| Extent | 153 pages ; |
| Other physical details | 22 cm |
| 505 ## - FORMATTED CONTENTS NOTE | |
| Formatted contents note | It does make a difference<br/>The root of the problem<br/>A short history lesson<br/>The unity of the testaments<br/>Directives vs directions<br/>The diversity of the covenants<br/>Systems in collision<br/>The one or the many?<br/>Original sin, atonement and justification<br/>Is the Sabbath for today? |
| 650 ## - SUBJECT ADDED ENTRY--TOPICAL TERM | |
| Topical term or geographic name entry element | Bible. |
| Form subdivision | New Testament |
| 9 (RLIN) | 7309 |
| 650 ## - SUBJECT ADDED ENTRY--TOPICAL TERM | |
| Topical term or geographic name entry element | Bible. |
| Form subdivision | New Testament Relation to the Old Testament |
| 9 (RLIN) | 16258 |
| 650 ## - SUBJECT ADDED ENTRY--TOPICAL TERM | |
| Topical term or geographic name entry element | Christianity |
| 9 (RLIN) | 479 |
| 650 ## - SUBJECT ADDED ENTRY--TOPICAL TERM | |
| Topical term or geographic name entry element | Christianity and other religions Judaism |
| 9 (RLIN) | 16567 |
| 650 ## - SUBJECT ADDED ENTRY--TOPICAL TERM | |
| Topical term or geographic name entry element | Interfaith relations |
| 9 (RLIN) | 15078 |
| 942 ## - ADDED ENTRY ELEMENTS (KOHA) | |
| Source of classification or shelving scheme | Dewey Decimal Classification |
| Koha item type | Books |
| Withdrawn status | Lost status | Source of classification or shelving scheme | Damaged status | Not for loan | Home library | Current Library | Shelving location | Date acquired | Total checkouts | Full call number | Barcode | Date last seen | Copy number | Price effective from | Koha item type |
|---|---|---|---|---|---|---|---|---|---|---|---|---|---|---|---|
| Dewey Decimal Classification | GRACE BIBLE COLLEGE | GRACE BIBLE COLLEGE | Ministry & Mission | 2023-02-21 | 261.26 MOR | 015988 | 2025-05-01 | c.1 | 2023-02-21 | Books |